It encyclopaedia.com,vol-5 multimedia systems (Record no. 585183)
[ view plain ]
| 000 -LEADER | |
|---|---|
| fixed length control field | 00647nam a22001817a 4500 |
| 003 - CONTROL NUMBER IDENTIFIER | |
| control field | CEME |
| 005 - DATE AND TIME OF LATEST TRANSACTION | |
| control field | 20210628210624.0 |
| 008 - FIXED-LENGTH DATA ELEMENTS--GENERAL INFORMATION | |
| fixed length control field | 210210b xxu||||| |||| 00| 0 eng d |
| 020 ## - INTERNATIONAL STANDARD BOOK NUMBER | |
| International Standard Book Number | 81-86830-18-9 |
| 040 ## - CATALOGING SOURCE | |
| Transcribing agency | . |
| 082 ## - DEWEY DECIMAL CLASSIFICATION NUMBER | |
| Classification number | 004.03 ITE |
| 100 ## - MAIN ENTRY--PERSONAL NAME | |
| Personal name | Diwan, Parag Suri, R.K Kaushik, Sanjay |
| 9 (RLIN) | 80229 |
| 245 ## - TITLE STATEMENT | |
| Title | It encyclopaedia.com,vol-5 multimedia systems |
| 260 ## - PUBLICATION, DISTRIBUTION, ETC. | |
| Place of publication, distribution, etc. | NEW DELHI |
| Name of publisher, distributor, etc. | PENTAGON PRESS |
| Date of publication, distribution, etc. | 2001 |
| 300 ## - PHYSICAL DESCRIPTION | |
| Extent | 240P |
| 650 ## - SUBJECT ADDED ENTRY--TOPICAL TERM | |
| Topical term or geographic name entry element | MULTIMEDIA CONCEPTS MUSIC AND SOUND FOR MULTIMEDIA VIDEO IMAGES AND GRAPHICS COMPRESSION STORAGE MEDIA MULTIMEDIA NETWORKING MULTIMEDIA AND INTERNET AUTHORING SYSTEM ANIMATION |
| 9 (RLIN) | 80230 |
| 942 ## - ADDED ENTRY ELEMENTS (KOHA) | |
| Koha item type | Book |
| Source of classification or shelving scheme | |
| Withdrawn status | Lost status | Damaged status | Not for loan | Permanent Location | Current Location | Shelving location | Date acquired | Total Checkouts | Full call number | Barcode | Date last seen | Price effective from | Koha item type |
|---|---|---|---|---|---|---|---|---|---|---|---|---|---|
| College of Electrical & Mechanical Engineering (CEME) | College of Electrical & Mechanical Engineering (CEME) | Reference | 07/06/2017 | 004.03 ITE | CEME-34541 | 06/28/2021 | 06/28/2021 | Book |
